Poznámky k niektorým logistickým termínom a k ich obsahu
Obsah termínov marketingová logistika, zákaznícky servis a samostatné logistické podniky.
Gespeichert in:
| 1. Verfasser: | |
|---|---|
| Format: | Buchkapitel |
| Sprache: | Slowakisch |
| Schlagworte: | |
| Tags: |
Keine Tags, Fügen Sie das erste Tag hinzu!
|
MARC
| LEADER | 00000naa a2200000 4500 | ||
|---|---|---|---|
| 001 | r041370 | ||
| 005 | 20230918081050.0 | ||
| 041 | 0 | |a slo | |
| 044 | |a SK | ||
| 245 | 1 | 0 | |a Poznámky k niektorým logistickým termínom a k ich obsahu |c Milan Oreský |
| 520 | |a Obsah termínov marketingová logistika, zákaznícky servis a samostatné logistické podniky. | ||
| 610 | 2 | 0 | |a logistika |
| 610 | 2 | 0 | |a marketing |
| 610 | 2 | 0 | |a terminológia |
| 610 | 2 | 0 | |a riadenie |
| 610 | 2 | 0 | |a služby |
| 610 | 2 | 0 | |a predaj |
| 610 | 2 | 0 | |a servis |
| 610 | 2 | 0 | |a podnik |
| 100 | 1 | |a Oreský, Milan, 1956- | |